000 01545nam a2200337 i 4500
999 _c65584
_d65584
001 768714001
003 CO-MdFUSB
005 20200602055329.0
007 ta
008 200331t2000 mau |||| |||| 00| 0 eng d
020 _a 9780801046926
040 _aCO-MdFUSB
_bspa
_cCO-MdFUSB
_dCO-MdFUSBC
_erda
041 _aeng
082 _223
_a226.506
_bL736
100 _aLincoln, Andrew.
_eautor
245 1 _aTruth on trial :
_bthe Lawsuit motif in the fourth gospel.
_c/ Andrew T Lincoln
264 1 _a Massachusetts :
_bHendrickson Publishers,
_c[2000]
264 4 _c© 2000
300 _a527 páginas
_c; 24 cm
336 _2rdacontent
_atexto
_btxt
337 _2rdamedia
_asin mediación
_bn
338 _2rdacarrier
_avolumen
_bnc
500 _aColección Dawn Christina Harrell
505 _aLa demanda y la narrativa del Cuarto Evangelio. -- La demanda, la Escritura judía y el Cuarto Evangelio. -- Algunas etapas clave en el juicio. -- La demanda y los problemas literarios revisados. -- La demanda y la teología del Cuarto Evangelio. -- La demanda del Cuarto Evangelio en perspectiva histórica y social. -- La metáfora de la demanda en el enfoque contemporáneo. -- Apropiación de la demanda del Cuarto Evangelio: cuatro objeciones. -- Apropiación de la demanda del Cuarto Evangelio: cuatro reflexiones.
563 _aRústico
630 0 7 _aBiblia
_xCrítica, interpretación, etc.
630 7 _aBiblia.
_xCrítica, interpretación, etc.
_pJuan
942 _cBK
945 _aJTF-925
_bAEM-53